Japan, its history, arts, and literature
This book introduce about manners and customs of the Tokugawa era, the Tokugawa court. Criminal procedure and the criminal classes in Tokugawa times. Personal liberty, justice, slavery, and checks on vicw, philosophy, education, customs, and costumes. Meiji, or the era of "Englightened governme...
সংরক্ষণ করুন:
| প্রধান লেখক: | |
|---|---|
| বিন্যাস: | গ্রন্থ |
| ভাষা: | Undetermined |
| প্রকাশিত: |
Boston
J. B. Millet Co.
1902
|
| বিষয়গুলি: | |
| ট্যাগগুলো: |
ট্যাগ যুক্ত করুন
কোনো ট্যাগ নেই, প্রথমজন হিসাবে ট্যাগ করুন!
|
| Thư viện lưu trữ: | Trung tâm Học liệu Trường Đại học Cần Thơ |
|---|
| LEADER | 00853nam a2200205Ia 4500 | ||
|---|---|---|---|
| 001 | CTU_231928 | ||
| 008 | 210402s9999 xx 000 0 und d | ||
| 082 | |a 952 | ||
| 082 | |b B858/Vol.4 | ||
| 100 | |a Brinkley, Captain F. | ||
| 245 | 0 | |a Japan, its history, arts, and literature | |
| 245 | 0 | |c Captain F. Brinkley | |
| 260 | |a Boston | ||
| 260 | |b J. B. Millet Co. | ||
| 260 | |c 1902 | ||
| 520 | |a This book introduce about manners and customs of the Tokugawa era, the Tokugawa court. Criminal procedure and the criminal classes in Tokugawa times. Personal liberty, justice, slavery, and checks on vicw, philosophy, education, customs, and costumes. Meiji, or the era of "Englightened government". | ||
| 650 | |a Nhật Bản,Japan | ||
| 650 | |x Lịch sử,History | ||
| 910 | |b dqhieu | ||
| 980 | |a Trung tâm Học liệu Trường Đại học Cần Thơ | ||